|
|
|
|
| LEADER |
01247nam a2200337Ia 4500 |
| 001 |
EBC232249 |
| 003 |
MiAaPQ |
| 005 |
20200520144314.0 |
| 006 |
m o d | |
| 007 |
cr cn||||||||| |
| 008 |
000815s2003 enk s 000 0 eng d |
| 020 |
|
|
|z 0861767829
|
| 035 |
|
|
|a (MiAaPQ)EBC232249
|
| 035 |
|
|
|a (Au-PeEL)EBL232249
|
| 035 |
|
|
|a (CaPaEBR)ebr10052787
|
| 035 |
|
|
|a (CaONFJC)MIL51125
|
| 035 |
|
|
|a (OCoLC)70744603
|
| 040 |
|
|
|a MiAaPQ
|c MiAaPQ
|d MiAaPQ
|
| 050 |
|
4 |
|a HF1416
|b .E97 2003
|
| 245 |
0 |
0 |
|a Export information use
|h [electronic resource] /
|c Guest editor Adamantios Diamantopoulos.
|
| 260 |
|
|
|a Bradford, England :
|b Emerald Group Publishing,
|c c2003.
|
| 300 |
|
|
|a 111 p.
|
| 490 |
1 |
|
|a International Marketing Review. No. 1 ;
|v Vol. 20
|
| 533 |
|
|
|a Electronic reproduction. Ann Arbor, MI : ProQuest, 2015. Available via World Wide Web. Access may be limited to ProQuest affiliated libraries.
|
| 650 |
|
0 |
|a Export marketing.
|
| 650 |
|
0 |
|a Exports.
|
| 655 |
|
4 |
|a Electronic books.
|
| 700 |
1 |
|
|a Diamantopoulos, A.
|q (Adamantios)
|
| 710 |
2 |
|
|a ProQuest (Firm)
|
| 830 |
|
0 |
|a International Marketing Review.
|n No. 1 ;
|v v. 20.
|
| 856 |
4 |
0 |
|u https://ebookcentral.proquest.com/lib/matrademy/detail.action?docID=232249
|z Click to View
|